| 000 | 00524nam a22001937a 4500 | ||
|---|---|---|---|
| 003 | LC | ||
| 005 | 20160317155215.0 | ||
| 008 | 121114t xxu||||| |||| 00| 0 eng d | ||
| 020 | _a0586050272 | ||
| 050 |
_aPZ 4 _b.Sa19465Si 1979 |
||
| 082 |
_aFIC _bSa5s 1979 |
||
| 100 |
_aSanders, Lawrence _918756 |
||
| 245 |
_aThe sixth commandment / _cLawrence Sanders. |
||
| 260 |
_aGreat Britain : _bGranada Publishing Limited, _c1979. |
||
| 300 |
_a348 p. : _c17 cm |
||
| 650 |
_aFiction. _9746 |
||
| 942 |
_2lcc _cBK |
||
| 999 |
_c11060 _d11060 |
||